000 00899njm a2200277Ia 4500
001 20441
003 IT-RoPAU
005 20220918181201.0
008 131025s9999 xx 000 0 und d
040 _aIT-RoPAU
040 _cIT-RoPAU
999 _c103014
_d103014
999 _bn.d.
100 _aCajkovskij Petr Llijch
_91609
100 _eAutore musica
_91610
100 _gCodice autore musica SPICS: 10808
_91611
245 _aLago dei cigni (Il)-Lp Vpas 896
250 _a1a ed.
260 _aMILANO
260 _bVEDETTE RECORDS
_c1972 [1a Ed.:1972 - Ed. Lingua Orig.: 1876]
300 _aDISCO
500 _aMusica sinfonica
505 _aValzer - Tema di Odette - Danza dei cigni - Pas de deux - Scena al Castello e Czardas - Finale e morte del cigno
511 _aBrno Symphony Orchestra diretta da Anton Stempff
650 _aSINFONICA [DISCHI]
_eCodice MATERIA SPICS: 9950
_91288
942 _cMD
_2ddc